SM-liigan mestarit järjestyksessä - Statistics

Yleistilastot
  • Tätä visaa on pelattu 136 kertaa
    5 viimeisimmän päivityksen jälkeen
  • Keskiarvotulos 22 / 50
Vastaustilastot
Kausi Mestari % Oikein
1975–1976 TPS
100%
1976–1977 Tappara
80%
1977–1978 Ässät
60%
1979–1980 HIFK
60%
1978–1979 Tappara
60%
2012–2013 Ässät
40%
1982–1983 HIFK
40%
1997–1998 HIFK
40%
2010–2011 HIFK
40%
2005–2006 HPK
40%
2018–2019 HPK
40%
1984–1985 Ilves
40%
1991–1992 Jokerit
40%
1993–1994 Jokerit
40%
1995–1996 Jokerit
40%
1996–1997 Jokerit
40%
2001–2002 Jokerit
40%
2008–2009 JYP
40%
2011–2012 JYP
40%
2024–2025 Kalpa
40%
1980–1981 Kärpät
40%
2003–2004 Kärpät
40%
2004–2005 Kärpät
40%
2006–2007 Kärpät
40%
2007–2008 Kärpät
40%
2013–2014 Kärpät
40%
2014–2015 Kärpät
40%
2017–2018 Kärpät
40%
2020–2021 Lukko
40%
1981–1982 Tappara
40%
1983–1984 Tappara
40%
1985–1986 Tappara
40%
1986–1987 Tappara
40%
1987–1988 Tappara
40%
2002–2003 Tappara
40%
2015–2016 Tappara
40%
2016–2017 Tappara
40%
2021–2022 Tappara
40%
2022–2023 Tappara
40%
2023–2024 Tappara
40%
2025–2026 Tappara
40%
1988–1989 TPS
40%
1989–1990 TPS
40%
1990–1991 TPS
40%
1992–1993 TPS
40%
1994–1995 TPS
40%
1998–1999 TPS
40%
1999–2000 TPS
40%
2000–2001 TPS
40%
2009–2010 TPS
40%
Ehtoja vastaavia visoja ei löytynyt
Tulosjakauma
Jokaisen tuloksen saaneiden osuus
Persentiili vastausten määrän mukaan
Tuloshistoriasi
Et ole pelannut tätä visaa sen viimeisimmän päivityksen jälkeen